Design best practice (Record no. 105942)

MARC details
000 -LEADER
fixed length control field 00953cam a2200181 4500
001 - CONTROL NUMBER
control field ##WS135196
008 - FIXED-LENGTH DATA ELEMENTS--GENERAL INFORMATION
fixed length control field 061004n 000 0 eng u
035 ## - SYSTEM CONTROL NUMBER
System control number (Sirsi) u135196
041 0# - LANGUAGE CODE
Language code of text/sound track or separate title eng
110 2# - MAIN ENTRY--CORPORATE NAME
Corporate name or jurisdiction name as entry element Design Network
9 (RLIN) 5055
245 00 - TITLE STATEMENT
Title Design best practice
520 ## - SUMMARY, ETC.
Summary, etc. Website of Design Network, a group of leading consultancies which share information about design solutions to make construction safer and encourage compliance with the CDM Regulations. Provides over 100 case studies, arranged in a co-ordinated product information index and a safety, health and environmental index. Members can submit case studies to the website. Also includes useful links, background information on the Design Network and a members forum.
590 ## - LOCAL NOTE (RLIN)
Local note IKA171006
650 24 - SUBJECT ADDED ENTRY--TOPICAL TERM
Topical term or geographic name entry element CDM REGULATIONS
690 ## - LOCAL SUBJECT ADDED ENTRY--TOPICAL TERM (OCLC, RLIN)
Topical term or geographic name as entry element BUILT ENVIRONMENT-CONSTRUCTION DESIGN
856 40 - ELECTRONIC LOCATION AND ACCESS
Uniform Resource Identifier <a href="https://www.dbp.org.uk/">https://www.dbp.org.uk/</a>
Public note View the website free of charge at www.dbp.org.uk...
942 ## - ADDED ENTRY ELEMENTS (KOHA)
Suppress in OPAC 0
Holdings
Withdrawn status Lost status Source of classification or shelving scheme Damaged status Not for loan Home library Current library Shelving location Date acquired Total Checkouts Full call number Barcode Date last seen Copy number Price effective from Koha item type
    Dewey Decimal Classification     Virtual Virtual Online 04/10/2006   WEB SITE 135196-2001 06/08/2019 1 06/08/2019 Online material